Pays d'Europe par Drapeau et Première lettre - Statistiques

Statistiques générales
  • Ce quiz a été pris 6 854 fois
    1 239 depuis la dernière actualisation
  • Le résultat moyen est 27 sur 45
Statistiques - réponses
Par images Réponse % Correct
Italie
66%
Belgique
65%
Espagne
65%
France
65%
Irlande
65%
Portugal
65%
Allemagne
64%
Royaume-Uni
64%
Russie
64%
Suède
64%
Suisse
64%
Albanie
63%
Grèce
63%
Macédoine du Nord
63%
Ukraine
62%
Pologne
61%
Roumanie
61%
Autriche
60%
Danemark
60%
Finlande
60%
Luxembourg
60%
Malte
60%
Norvège
60%
Pays-Bas
60%
Serbie
60%
Slovaquie
60%
Slovénie
60%
Vatican
60%
Bulgarie
59%
République Tchèque
59%
Croatie
58%
Estonie
58%
Islande
58%
Monaco
58%
Hongrie
57%
Kosovo
57%
Bosnie-Herzégovine
56%
Biélorussie
55%
Saint-Marin
55%
Liechtenstein
54%
Lituanie
54%
Monténégro
54%
Lettonie
53%
Moldavie
53%
Andorre
52%
Aucun quiz correspondant
Distribution des résultats
% des personnes avec chaque résultat
Percentile par nombre de réponses
Votre historique - résultats
Vous n’avez pas pris ce quiz depuis la dernière actualisation